| 000 | 00801nam a22001937i 4500 | ||
|---|---|---|---|
| 999 |
_c23178 _d23178 |
||
| 003 | AR-CdUCM | ||
| 008 | 250121b20242024 pe||||| |||| 00| 0 spa d | ||
| 040 |
_aMUNICIPALIDAD PROVINCIAL DEL CUSCO _cBIBLIOTECA MUNICIPAL DEL CUSCO |
||
| 041 | _hspa | ||
| 082 |
_a985.613 / M95P _bM95P |
||
| 110 |
_aMunicipalidad Distrital de Ollantaytambo _950938 |
||
| 245 |
_aPinkuylluna : _bEdición Sesquicentenario (CL) de la Creación política del Distrito de Ollantaytambo 150 años / |
||
| 260 |
_aOllantaytambo-Cusco : _bMunicipalidad Distrital de Ollantaytambo _c2024 |
||
| 300 |
_a66 páginas. : _c24x18 cm. |
||
| 500 | _zBibliografía: página 66 | ||
| 505 | _aLa paqarina -- Las qolqas depósitos -- Enlucidos -- Atalayas -- Kaswanapata -- Inkapintay | ||
| 942 |
_2ddc _cLIBROS |
||
| 945 |
_apbjr _d21-01-2025 |
||